000 00525nam a2200229Ia 4500
008 210210b2007 xxu||||| |||| 00| 0 eng d
020 _a1851681957
041 _aeng
082 _a248.22 UNDE
100 _aUNDERHILL (Evelyn)
245 _aEssentials of mysticism and other essays
260 _aEngland
_bOneworld
_c2007
300 _a208
650 _aother
650 _aof
650 _amysticism
650 _aEssentials
650 _aessays
650 _aand
690 _aChristianity
906 _a066199
999 _c146641
_d146641